000 00501nam a2200217Ia 4500
003 IT-RoPAU
008 120407s9999 xx 000 0 und d
040 _aIT-RoPAU
040 _cIT-RoPAU
041 _aita
100 _aJanko Bubalo
245 _aMille incontri con la Madonna. Le apparizioni di Medjugorie raccontate dalla veggente Vicka.
250 _aPadova
260 _aEMP
260 _c1985
300 _a255 p.
300 _c21 cm
490 _v1
942 _cBK
999 _c30577
_d30577